| 000 | 01726nam a2200457Ia 4500 | ||
|---|---|---|---|
| 005 | 20211021073337.0 | ||
| 008 | 130821s2014 sp grd 1 spa d | ||
| 020 | _a9789584241177 (23a.Ed. Obra completa) | ||
| 020 | _a8423968146 (22a.Ed. Obra Completa ) | ||
| 020 | _z9789584241184 (V.1) | ||
| 020 | _z9789584241191 (V.2) | ||
| 020 | _z8423968235 (22a. Ed. V.1 ) | ||
| 020 | _z8423968243 (22a. Ed. V.2) | ||
| 020 | _a8423943909 (20a. Ed) | ||
| 020 | _z8423968138 | ||
| 020 | _z8423992004 | ||
| 020 | _z8423998002 | ||
| 020 |
_z8423968146 _cObra completa |
||
| 020 |
_z8423968235 _cTomo I |
||
| 020 | _z9788467041897 (23a. Ed) | ||
| 020 |
_z8423968243 _cTomo II |
||
| 020 |
_z8467000392 _cObra completa |
||
| 040 |
_aCo-BoUCM _bspa _cSaul Niño (Modificó) _dLuz Cupitra (modificó) |
||
| 041 | 0 | _aspa | |
| 110 | 2 |
_aReal Academia Española _936469 |
|
| 245 | 1 | 0 |
_aDiccionario de la lengua española _cReal Academia Española |
| 250 | _a23a ed | ||
| 260 |
_aMadrid (España) _bEspasa-Calpe _c2014 |
||
| 300 | _avolúmenes | ||
| 500 | _aIncluye índice | ||
| 500 | _aVigesimotercera edición 2014 (Edición del tricentenario) | ||
| 650 | 0 | 4 |
_aEspañol _vDiccionarios y enciclopedias _97588 |
| 650 | 0 | 4 |
_aEspañol _xAumentativos y diminutivos _vDiccionarios y enciclopedias _97588 |
| 650 | 0 | 4 |
_aEspañol _xDialectos _vDiccionarios y enciclopedias _97588 |
| 650 | 0 | 4 |
_aEspañol _xGramática comparada y general _vDiccionarios y enciclopedias _988403 |
| 650 | 0 | 4 |
_aEspañol _xPalabras y freses _vDiccionarios y enciclopedias _97588 |
| 650 | 0 | 4 |
_aLingüística aplicada _9439 |
| 690 |
_aLingüística aplicada _9439 |
||
| 942 |
_cLIBRO _a12 _e23 _mR288 _2DEWEY _h463 _n0 |
||
| 999 |
_c61311 _d61311 |
||